000 00330nam a22001457a 4500
008 210310b ||||| |||| 00| 0 eng d
020 _a9780324225174
041 _aeng
080 _26th
_a338.5
082 _a338.5
100 _a57
101 _aQMI
245 _aPrice Theory & Applications
_cLandsburg,S.E
942 _2udc
_cBK
999 _c56163
_d56163